000 00758nam a2200241 i 4500
003 DO-SdBNP
005 20250916093440.0
007 ta
008 230717b1995 dr d|||| |||| 00| 0 spa d
040 _aDO-SdBNP
_bspa
_cBNPHU
_erda
041 _aspa
082 4 _a332
_bS113e
_222
245 0 0 _aSábado económico números 157-208 /
_ceditor, Andrés Dauhajre, hijo
264 _aSanto Domingo :
_bFundación Economía y Desarrollo, Inc,
_c1995.
300 _axii, 414 páginas :
_bgráficos ;
_c23 cm.
336 _2rdacontent
_atexto
_btxt
337 _2rdamedia
_asin mediación
_bn
338 _2rdacarrier
_avolumen
_bnc
590 _aInventariado, 2023/BT
700 1 _aDauhajre, Andrés,
_eeditor
_qhijo
_983778
910 _aBtavárez
942 _2ddc
_cLBS1
999 _c54181
_d54181